000 00412nab a22001097u 4500
008 130520b2007 xxu||||| |||| 00| 0 spa d
041 _aspa
100 1 _aTreek Nilsson, Mike D. Van
_977660
245 0 0 _aAmnón y Tamar (2 S 13,1 1-22) Ensayo de antropología narrativa sobre la violencia
_cMike D. van Treek Nilsson
773 0 _tEstudios Bíblicos
_gV.65, nº1-2,2007,págs. 3-32
_x0014-1437
_wRev188
942 _cAR
999 _c384039
_d384039